La vida es sueño. El alcalde de Zalamea
Sparad:
| Huvudupphovsman: | |
|---|---|
| Materialtyp: | Bok |
| Språk: | Undetermined |
| Publicerad: |
Bogotá, Colombia
Panamericana
1991
|
| Ämnen: | |
| Taggar: |
Lägg till en tagg
Inga taggar, Lägg till första taggen!
|
MARC
| LEADER | 00000nam a2200000Ia 4500 | ||
|---|---|---|---|
| 008 | 170316s9999 xx 000 0 und d | ||
| 040 | |a cru BVZT | ||
| 090 | |a 862 C-3vi | ||
| 100 | |a Calderón de la Barca, Pedro | ||
| 245 | |a La vida es sueño. El alcalde de Zalamea | ||
| 260 | |a Bogotá, Colombia | ||
| 260 | |b Panamericana | ||
| 260 | |c 1991 | ||
| 300 | |a 275 páginas | ||
| 650 | |a LITERATURA ESPAÑOLA | ||
| 650 | |a OBRA DE TEATRO | ||
| 650 | |a DRAMA | ||
| 650 | |a LA VIDA ES SUEÑO | ||
| 650 | |a EL ALCALDE DE ZALAMEA | ||
| 942 | |c 15 D |0 1 | ||
| 999 | |c 9754 |d 9754 | ||
